35 câu hỏi đáp về ương nuôi cá giống nước ngọt

Gorde:
Xehetasun bibliografikoak
Egile nagusia: Phạm, Văn Trang
Formatua: Liburua
Hizkuntza:Undetermined
Argitaratua: Hà Nội Nông nghiệp 2005
Gaiak:
Etiketak: Etiketa erantsi
Etiketarik gabe, Izan zaitez lehena erregistro honi etiketa jartzen!
Thư viện lưu trữ: Trung tâm Học liệu Trường Đại học Cần Thơ
LEADER 00569nam a2200193Ia 4500
001 CTU_87661
008 210402s9999 xx 000 0 und d
020 |c 7000 
082 |a 639.31 
082 |b Tr106 
100 |a Phạm, Văn Trang 
245 0 |a 35 câu hỏi đáp về ương nuôi cá giống nước ngọt 
245 0 |c Phạm văn Trang 
260 |a Hà Nội 
260 |b Nông nghiệp 
260 |c 2005 
650 |a Fish culture,Freshwater fishes 
904 |i Trúc 
980 |a Trung tâm Học liệu Trường Đại học Cần Thơ